Úloha PPAR gama v regulácii hypertenzie a kardiovaskulárneho systému
Saved in:
| Main Author: | |
|---|---|
| Other Authors: | |
| Format: | Manuscript Book |
| Language: | Slovak |
| Subjects: | |
| Online Access: | http://is.stuba.sk/zp/portal_zp.pl?podrobnosti=103284 |
| Tags: |
No Tags, Be the first to tag this record!
|
MARC
| LEADER | 00000ntm a22000003a 4500 | ||
|---|---|---|---|
| 001 | stuzp47223 | ||
| 003 | SK-STU | ||
| 005 | 20160229160123.9 | ||
| 007 | ta | ||
| 008 | 150427s2015----xo-----f-mn---000-0-slo-d | ||
| 040 | |a STU |b slo | ||
| 041 | 0 | |a slo | |
| 100 | 1 | |a Kvandová, Miroslava |u 043260 |4 aut |U FCHPT Ústav biochémie, výživy a ochrany zdravia |T FCHPT Oddelenie biochémie a mikrobiológie |X 69394 |U C3260 |Y 113 |7 69394 | |
| 242 | 0 | 1 | |a Role of PPAR gamma in regulation of hypertension and cardiovascular system |y eng |
| 245 | 1 | 0 | |a Úloha PPAR gama v regulácii hypertenzie a kardiovaskulárneho systému |
| 650 | 4 | |a pioglitazón |2 slo | |
| 650 | 4 | |a PPAR gama |2 slo | |
| 650 | 4 | |a kyselina alfa-lipoová |2 slo | |
| 650 | 4 | |a hypertenzia |2 slo | |
| 650 | 4 | |a superoxiddismutáza |2 slo | |
| 650 | 4 | |a AlFA- LIPOIC ACID |2 eng | |
| 650 | 4 | |a HYPERTENSION |2 eng | |
| 650 | 4 | |a SUPEROXIDE DISMUTASE |2 eng | |
| 650 | 4 | |a PIOGLITAZONE |2 eng | |
| 650 | 4 | |a PPAR GAMMA |2 eng | |
| 700 | 1 | |a Dovinová, Ima |4 ths |X 46742 |7 46742 | |
| 856 | 4 | |u http://is.stuba.sk/zp/portal_zp.pl?podrobnosti=103284 | |
| SQL | |a stuzp47223 |b DDP |c SLO |d Úloha PPAR gama v regulácii hypertenzie a kardiovaskulárneho systému |e 69394 |f Kvandová, Miroslava |g 043260 |h 46742 |i Dovinová, Ima |j 20140610 |k 560 |l 04 |m http://is.stuba.sk/zp/portal_zp.pl?podrobnosti=103284 | ||